LEADER 01434nam a2200229 a 4500 001 000000112343 003 CaOOAMICUS 005 20080704113247.0 008 080704s2005 it m 000 0 por d 040 $aPUG$bita$dip$dPUL$dLDB 100 1 $aSteckel, Edvino Alexandre.$0(OLS)http://pul/name/69236 245 10$aPrimórdios da diocese de Sao Sebastiao do Rio de Janeiro :$bestudo diplomático da Bula pontifícia de ereçao da diocese "Romani pontificis pastoralis sollicitudo", de 16 Novembro de 1676, fundaçao e sua 1a fase de desenvolvimento até 1745 /$cEdvino Alexandre Steckel. 260 $aRomae :$b[s.n.],$c2005. 300 $a341 p. ;$c24 cm. 502 $aEstratto dissertazione: Pontificia Universitas Gregoriana. Facultas Historiae ecclesiasticae, 2005, n. 5394 504 $aBibliografia: p. [287]-337. 610 14$aRio de Janeiro (diocesi)$xStoria.$0(OLS)http://pul/subject/34627 850 $aPUL 852 $aPUL$W1$xDP1 Tesi Pon. Univ. Gregoriana$y40$m2005 D 7$j128524$qTesi$B127451$CPULBib$Z2$F127451 $H103930 $82 941 1 $a16 996 $6245$aPrimórdios da diocese de Sao Sebastiao do Rio de Janeiro :$bestudo diplomático da Bula pontifícia de ereçao da diocese "Romani pontificis pastoralis sollicitudo", de 16 Novembro de 1676, fundaçao e sua 1a fase de desenvolvimento até 1745$9(OLS)http://pul/title/141184 996 $6260$aRomae :$b[s.n.]$9(OLS)http://pul/publisher/48223 LEADER 01485nam a2200253 u 4500 001 000000070015 003 CaOOAMICUS 005 20070226121956.0 008 020424s1847 fr u000 u fre u 035 $a10927722 040 $aPUL(R)$bita 100 1 $aMorcelli, Stefano Antonio,$cS.I.,$d1737-1821.$0(OLS)http://pul/name/62 245 10$aEssai sur l'Algérie chrétienne, romaine et française :$bou Extraits de quelques-une des sommaires de la traduction de l'Africa christiana De Morcelli /$cannoté et augmenté par mons. Antoine-Adolphe Dupuch .. 246 33$aExtraits de quelques-uns des sommaires de la traduction de l'Africa christiana de Morcelli 260 $aTurin :$bimpr. Royale,$c1847. 300 $a502 p. ;$c26 cm 651 4$aAfrica$xStoria.$0(OLS)http://pul/subject/9917 700 1 $aDupuch, Antoine Adolphe,$cvesc. di Algeri,$dm. 1856.$0(OLS)http://pul/name/46563 850 $aPUL 852 $aPUL$W1$xDP1 Antico 800$y27$m131 G 23$j90627$nBK-PRI$b $qStampati Antico$B90627$CPULBib$Z2$F90627 $H $81 941 1 $a15 996 $6245$aEssai sur l'Algérie chrétienne, romaine et française :$bou Extraits de quelques-une des sommaires de la traduction de l'Africa christiana De Morcelli$9(OLS)http://pul/title/92378 996 $6246$aExtraits de quelques-uns des sommaires de la traduction de l'Africa christiana de Morcelli$9(OLS)http://pul/title/92379 996 $6260$aTurin :$bimpr. Royale$9(OLS)http://pul/publisher/72869